[Event "Konyaalti Open-A 2019"]
[Site "Konyaalti"]
[Date "2019.11.18"]
[Round "3.1"]
[White "Mammadov, Zaur"]
[Black "Shanava, Konstantine"]
[Result "0-1"]
[WhiteElo "2421"]
[BlackElo "2491"]
[Annotator "TA"]
[PlyCount "74"]
[EventDate "2019.11.20"]
[EventType "swiss"]
[EventCountry "TUR"]
[SourceTitle "playchess.com"]
[Source "ChessBase"]
[SourceQuality "1"]

{[%evp 19,130,13,12,0,4,0,0,0,0,0,4,-10,-10,-18,-17,-26,-28,-24,-18,-31,-28,-20,-5,-42,-49,-50,-38,-58,-49,-51,-41,-41,-25,-62,-47,-70,-72,-95,-88,-100,-67,-211,-189,-180,-141,-425,-348,-583,-585,-651,-628,-631,-590,-623,-601,-742,-677,-595,-295,-272,-203,-204,-152,-181,-159,-393,-383,-373,-372,-372,-292,-284,-275,-241,0,-275,-287,-290,-275,-392,-366,-5683,-5683,-5560,-5247,-4702,-4702,-29973,-29973,-29991,-29989,-29989,-29974,-29974,-29975,-29975,-29976,-29973,-29972,-29987,-29988,-29988,-29989,-29990,-29991,-29992,-29993,-29993,-29989,-29989,-29990,-29990,-29991]} 1. e4 g6 2. d4 Bg7 3. Nf3 d6 4. Bd3 Nc6 5. c3 Nf6 6. O-O O-O 7. Nbd2 e5 8. dxe5 Nxe5 9. Nxe5 dxe5 10. Nc4 Nh5 11. Ne3 {B07: Pirc Defence: Miscellaneous Systems} (11. g3 Qe7 12. Re1 Be6 13. Qc2 Rad8 14. b3 Rfe8 15. a4 a6 16. Ba3 Qg5 17. h4 Qf6 18. Rad1 Bg4 {½-½ (18) Erdos,V (2604)-Berkes,F (2661) Hungary 2019}) 11... Nf4 $146 ({Predecessor:} 11... c6 12. Nf5 Bxf5 13. exf5 Qh4 14. f4 Rad8 15. Qf3 exf4 16. fxg6 fxg6 17. Bd2 Ng3 18. Be1 Be5 19. Rd1 Bc7 20. Bc4+ Kg7 21. Rxd8 Rxd8 22. Bf2 Bb6 23. Bxb6 Nxf1 24. Bxd8 {1-0 (24) Lewis,J (1077)-Murphy,J (1354) LSS email 2012}) 12. Bc4 c6 13. a4 {The position is equal.} Qe7 14. b3 Rd8 15. Qf3 h5 16. Kh1 Be6 17. g3 Bxc4 18. Nxc4 Rd3 19. Be3 Ne6 20. Rac1 b5 21. axb5 (21. Nb2 {looks sharper.} Rd7 22. Qe2 a6 23. b4 h4 24. Rfd1) 21... cxb5 22. Nb2 Rdd8 {White must now prevent ...Qa3.} 23. Qe2 Qb7 24. f3 a5 25. Ra1 Qc6 26. c4 bxc4 27. Qxc4 Qb7 28. Rfd1 Nd4 29. Bxd4 exd4 30. Rd3 (30. Nd3 $15) 30... h4 {And now ...Rac8 would win.} 31. Qc1 Rdc8 32. Qg5 $2 {[%mdl 8192]} (32. Qd1 $17 {keeps fighting.}) 32... hxg3 {...Rc2 is the strong threat.} 33. hxg3 $2 (33. Nd1) 33... Rc2 $19 34. Nc4 {[#] and the idea Qd5 leaves White hopeful.} a4 $1 {[%mdl 512]} 35. Qd5 (35. Rxa4 Rxa4) 35... Qc8 36. g4 Ra6 37. Qb5 {[#]} Rc6 {Played: Qc8-c7} 0-1

[Event "Konyaalti Open-A 2019"]
[Site "Konyaalti"]
[Date "2019.11.18"]
[Round "3.2"]
[White "Haznedaroglu, Kivanc"]
[Black "Solozhenkin, Evgeniy"]
[Result "1-0"]
[WhiteElo "2461"]
[BlackElo "2387"]
[Annotator "TA"]
[PlyCount "197"]
[EventDate "2019.11.20"]
[EventType "swiss"]
[EventCountry "TUR"]
[SourceTitle "playchess.com"]
[Source "ChessBase"]
[SourceQuality "1"]

{[%evp 21,197,30,45,31,50,37,44,35,46,37,38,45,104,107,173,164,156,41,156,166,169,156,177,176,154,141,153,155,156,101,115,114,86,90,114,74,128,140,135,152,124,136,220,125,243,243,289,285,246,170,152,137,144,42,39,48,23,48,36,58,87,81,83,0,0,0,0,0,0,0,387,162,342,0,13,0,0,0,0,0,0,0,0,0,0,0,0,0,0,0,0,0,0,0,0,0,0,0,11,0,0,1,97,68,164,165,281,280,277,273,206,199,224,0,0,0,0,0,0,0,0,0,0,0,0,0,0,0,0,0,0,0,0,0,0,0,0,0,0,0,59,0,161,0,0,0,0,0,0,0,6,0,15,0,37,37,37,44,44,44,44,52,59,59,59,59,66,59,59,59,74,74,74,74,310,304,29983,29984]} 1. c4 e6 2. Nf3 d5 3. g3 Nf6 4. Bg2 Be7 5. O-O O-O 6. d4 dxc4 7. Ne5 Nc6 8. Nxc6 bxc6 9. Na3 Bxa3 10. bxa3 Nd5 11. Qa4 Nb6 12. Qa5 {[%mdl 1024] White has compensation. E05: Open Catalan: 5 Nf3 Be7} Bd7 (12... Qxd4 13. Be3 Qf6 14. Bxc6 Rb8 15. Bg5 Qg6 16. Be7 e5 17. Bg2 Re8 18. Qxa7 Bh3 19. Bxh3 Qc6 {0-1 (40) Socko,B (2592)-Aleksandrov,A (2580) Suwalki 2018}) 13. a4 $146 {[%cal Ba3a4,Ba4a5][%mdl 32]} ({Predecessor:} 13. Bd2 Qf6 14. Bb4 Rfe8 15. Bc3 Qf5 16. Rac1 Qxa5 17. Bxa5 e5 18. dxe5 Rxe5 19. Bxb6 axb6 20. Rxc4 Rxe2 {0-1 (58) Karousos Theodorakis,N (2153)-Hacker,J (2297) Pardubice 2017}) 13... Qe7 14. Qc3 {White is slightly better.} Rfb8 15. a5 Nd5 16. Qxc4 Rb4 (16... Qb4 $14 17. Qxb4 Rxb4) 17. Qc2 $1 $16 Rb5 (17... Rb7 $16) 18. a4 $1 $18 {[%cal Ra4b5]} Rxa5 19. Ba3 (19. Bd2 $16 Ra6 20. a5) 19... Qe8 ({Better is} 19... c5 $1 $14) 20. Bc5 $16 Nb6 21. f4 Rb8 22. Rfb1 h6 23. Qb3 Bc8 24. Qb4 Ra6 25. a5 (25. Qd2 $142) 25... Nd7 26. Qxb8 Nxb8 27. Rxb8 {aiming for Be4.} Qd7 28. Be4 f5 (28... g5 $142) 29. Bd3 $36 {[%mdl 2048] White is in control.} Kh7 30. e3 (30. Bxa6 Bxa6 31. Bxa7 Qd5 $15) 30... g5 31. Kf2 (31. Bxa6 $6 Bxa6 32. Ra8 (32. Bxa7 Qd5 $11) 32... Qd5 $11) 31... g4 (31... Kg6 $16 {keeps fighting.} 32. h3 (32. Bxa6 Bxa6 33. h3 Qd5 $17) 32... h5) 32. Bc4 (32. Bxa6 Bxa6 33. Rb2 (33. Bxa7 Qd5 $17) 33... Qd5 $17) (32. Ke2 $18) 32... h5 (32... Kg7 $16 33. Kg1 Kg6) 33. Ke2 (33. Bxa6 Bxa6 34. Rb2 (34. Bxa7 $2 Qd5 $19) 34... Qd5 $15) 33... Kg6 34. Kd2 Kf6 35. Kc3 (35. Bxa6 Bxa6 36. Rf8+ (36. Bxa7 Qd5 $17) 36... Kg7 $15) 35... Kg6 36. Ra2 Kg7 37. Kb4 (37. Ra8 $16) 37... Rb6+ $1 $14 38. axb6 cxb6 39. Kc3 bxc5 40. dxc5 Kg6 41. Ra8 a6 {Black wants to play ...Qb7.} 42. Rb2 (42. Kc2 $1 $16) 42... Qg7+ $11 43. Kc2 Qf8 $1 44. Kd3 Qd8+ 45. Ke2 {Strongly threatening Rbb8.} Qf6 $2 {[%mdl 8192]} (45... Qa5 $11 46. Bd3 (46. Rxc8 Qc3 $11 {[%mdl 64] Double Attack}) 46... Qa1) 46. Rb3 (46. Rd2 $142 Qc3 47. Ba2) 46... Bd7 $2 (46... Qf8 {might work better.}) 47. Ra7 $2 (47. Rxa6 Be8 $16) (47. Bxa6 Qa1 $11) (47. Rb7 $18) 47... Be8 $1 48. Rxa6 Qe7 49. Rd3 Qxc5 50. Bxe6 Qc2+ 51. Rd2 Qe4 52. Bd5 Qb4 {Hoping for ...Qb5+.} 53. Rc2 Qb1 54. Kd2 Qb4+ 55. Kc1 Qe1+ 56. Kb2 Qb4+ 57. Ka2 Kg7 (57... Qb5 $5 58. Bc4 $8 (58. Raxc6+ $2 Bxc6 59. Bxc6 Qa5+ 60. Kb2 Qb6+ 61. Ka3 Qxe3+ 62. Kb4 h4 $19) 58... Qb4 $11) 58. Bb3 Qe7 59. Rc3 h4 60. Ra5 hxg3 61. hxg3 Kf6 (61... Bf7 $11 {remains equal.}) 62. Re5 $16 Qa7+ (62... Qb4 $14 63. Rc4 Qb8) 63. Kb2 $18 Bd7 (63... Qb8 $142 64. Re6+ Kg7) 64. Rd3 Qc7 65. Rd4 c5 {[#]} 66. Rc4 $1 Qb7 67. e4 $2 ({Much less strong is} 67. Rexc5 $6 Qb6 $16) (67. Rcxc5 $18 {And now Rcd5 would win.} Qg2+ 68. Ka3) 67... fxe4 $11 68. Rcxc5 {Threatens to win with Rcd5.} Qb4 69. Rc3 Ba4 70. Re6+ Kf5 71. Re5+ Kf6 72. Rd5 Bxb3 73. Rxb3 {[%mdl 4096] Endgame KQ-KRR} Qc4 74. Re5 Qe2+ 75. Ka3 Qa6+ 76. Kb4 Qc6 77. Rc3 Qb6+ 78. Kc4 Qc6+ 79. Kd4 (79. Kb3 {with more complications.} Qb6+ 80. Kc2 Qf2+ 81. Kb3 Qb6+) 79... Qa4+ 80. Ke3 Qb4 ({Black should try} 80... Qd1 $11) 81. Rec5 (81. Rc6+ $14 Kg7 82. Ree6 (82. Rxe4 Qe1+ 83. Kd4 Qb4+ 84. Rc4 Qd6+ 85. Ke3 Qa3+ 86. Kd4 Qxg3 $11)) 81... Qb1 $2 (81... Qb6 $11) 82. Kd4 $2 (82. Rc6+ $18 Kf7 83. f5) 82... Qd1+ 83. Kxe4 {Intending Rc6+ and mate.} Qe2+ 84. Kd4 {Black must now prevent Rc6+.} (84. Kd5 {looks sharper.} Qd2+ 85. Kc6 Ke6 86. Re5+ Kf6 87. Ree3) 84... Qd2+ 85. Kc4 Qe2+ 86. Kb4 Qe4+ 87. Kb3 (87. Ka5 {is more complex.} Qd4 88. Rc6+ Ke7 89. Kb5 Qd2 90. R6c5) 87... Qb1+ 88. Ka3 Qa1+ 89. Kb4 Qb2+ 90. Rb3 Qd4+ 91. Kb5 Qd7+ 92. Rc6+ Kf5 93. Rbc3 $1 Ke4 94. Kb4 Qb7+ 95. Ka3 Qb1 96. Re6+ Kd4 {[#] ( -> ...Qa1+)} 97. Ree3 $1 Qa1+ $2 (97... Kd5 $16 98. Red3+ Ke6 99. Rc6+ Ke7) 98. Kb4 $18 {[%csl Ge3][%cal Rc3d3]} Qb2+ $2 (98... Kd5 $18 99. Kb5 Kd6 100. Rcd3+ Kc7 101. Re7+ Kc8) 99. Rb3 {Accuracy: White = 58%, Black = 45%.} 1-0

[Event "Konyaalti Open-A 2019"]
[Site "Konyaalti"]
[Date "2019.11.18"]
[Round "3.3"]
[White "Suzan, Ufuk"]
[Black "Gokerkan, Cem Kaan"]
[Result "0-1"]
[WhiteElo "1823"]
[BlackElo "2452"]
[Annotator "TA"]
[PlyCount "74"]
[EventDate "2019.11.20"]
[EventType "swiss"]
[EventCountry "TUR"]
[SourceTitle "playchess.com"]
[Source "ChessBase"]
[SourceQuality "1"]

{[%evp 11,74,-3,8,-3,13,0,0,0,6,-3,-11,-6,27,-13,0,-2,-3,-28,-8,-18,-11,-19,-12,-6,-9,-47,-45,-37,-31,-36,-28,-37,-31,-58,-41,-56,-62,-53,-50,-87,-43,-78,-27,-100,-66,-143,-133,-186,-179,-244,-226,-340,-306,-350,-319,-459,-459,-837,-837,-829,-827,-800,-797,-5010,-4914]} 1. e4 c5 2. Nf3 d6 3. d3 Nc6 4. g3 g6 5. Bg2 Bg7 6. Nc3 Rb8 7. a4 {B25: Closed Sicilian: 3 g3, lines without early Be3} (7. h3 Nf6 8. O-O O-O 9. a4 a6 10. Be3 b5 11. axb5 axb5 12. Qd2 b4 13. Nd1 Bb7 14. Bh6 Ra8 15. Bxg7 Kxg7 16. Ne3 Rxa1 17. Rxa1 Qc7 18. c3 Ra8 19. Rxa8 Bxa8 20. Nd5 {½-½ (20) Zvjaginsev,V (2658)-Dreev,A (2606) Krasnoyarsk 2007}) 7... e5 8. O-O Nge7 9. Nh4 $146 {The position is equal.} ({Predecessor:} 9. Nd5 Nxd5 10. exd5 Ne7 11. Nd2 b6 12. Re1 O-O 13. Nc4 Bb7 14. Ne3 f5 {0-1 (25) Krupko,A (2116)-Matjushin,G (2459) Ternopol 2003}) 9... O-O 10. f4 exf4 11. Bxf4 f6 {Hoping for ...g5.} 12. Be3 Be6 13. Nd5 Ne5 14. h3 (14. Nf4 {seems wilder.} Bg4 15. Nf3 Qd7 16. Qb1 Kh8 17. Qa2) 14... Qd7 {Strongly threatening ...Nxd5.} 15. Nxe7+ Qxe7 16. Qd2 Qd7 17. Kh2 b6 18. Bh6 d5 19. Bxg7 Kxg7 20. exd5 Bxd5 21. b3 Rbe8 {[%cal Bb8e8,Be8e7,Be7e2][%mdl 32]} 22. Rf2 Nc6 23. Raf1 Nd4 24. Bxd5 Qxd5 25. Ng2 Re7 26. Qf4 Qc6 (26... Qd7 $17) 27. Ne3 (27. b4 $11 {remains equal.}) 27... h5 28. g4 (28. c3 $15 Nxb3 29. g4) 28... Rfe8 $17 29. Nc4 {[#]} (29. Ng2 $17 {was necessary.} hxg4 30. Qxf6+ Qxf6 31. Rxf6) 29... hxg4 $1 $19 {White must now prevent ...f5.} 30. Qxg4 (30. Qxf6+ {is a better defense.} Qxf6 31. Rxf6) 30... Re2 31. Nd2 (31. h4 $142) 31... f5 32. Qg3 Nxc2 {aiming for ...Ne3.} 33. Kg1 (33. Rxe2 $142 Rxe2+ 34. Rf2 Rxf2+ 35. Qxf2) 33... Nd4 {...Rxf2 is the strong threat.Black is clearly winning.} 34. h4 (34. Nc4 $142) 34... Rxf2 35. Rxf2 Ne2+ 36. Rxe2 Rxe2 37. Nc4 {[#]} f4 $1 {Accuracy: White = 27%, Black = 51%.} 0-1

[Event "Konyaalti Open-A 2019"]
[Site "Konyaalti"]
[Date "2019.11.18"]
[Round "3.4"]
[White "Ibrahimov, Rasul"]
[Black "Bashirli, Nail"]
[Result "1-0"]
[WhiteElo "2518"]
[BlackElo "2383"]
[Annotator "TA"]
[PlyCount "97"]
[EventDate "2019.11.20"]
[EventType "swiss"]
[EventCountry "TUR"]
[SourceTitle "playchess.com"]
[Source "ChessBase"]
[SourceQuality "1"]

{[%evp 17,97,39,30,45,43,29,35,18,30,47,34,46,94,85,72,56,52,48,51,44,51,49,48,50,45,49,49,49,64,64,100,98,93,89,93,94,196,86,85,86,91,91,97,89,118,117,187,185,184,183,177,176,181,198,236,163,291,230,285,283,292,279,262,164,247,212,446,434,845,823,837,796,29988,29989,29989,29990,29990,29991,29991,29990,29992,29993]} 1. d4 Nf6 2. c4 e6 3. g3 d5 4. Bg2 dxc4 5. Nf3 Nc6 6. Qa4 Bb4+ 7. Bd2 Nd5 8. Bxb4 Ndxb4 9. O-O Rb8 10. Na3 {[%cal Bb1a3,Ba3b5,Bb5c3][%mdl 32] E04: Open Catalan: 5 Nf3} O-O 11. Qb5 $1 b6 12. Qxc4 {White is slightly better.} Ba6 13. Nb5 Qd5 (13... Qe8 14. Rfc1 Nd5 15. Qxc6 Qxc6 16. Rxc6 Bxb5 17. Rc2 Rfc8 {½-½ (33) So,W (2780)-Caruana,F (2822) Saint Louis 2018}) 14. Qxd5 exd5 {[#]} 15. Nc3 $1 Ne7 16. Rfd1 {[#]} Rfd8 $146 ({Predecessor:} 16... c5 17. Rac1 Rfd8 18. dxc5 bxc5 {0-1 (51) Wojtkiewicz,A (2570)-Ivanov,S (2545) Lubniewice 1995}) 17. a3 Nbc6 18. e3 Bc4 19. Nd2 Na5 20. b4 Nb3 21. Nxb3 Bxb3 22. Rdc1 c6 23. a4 a6 24. Bf1 b5 25. axb5 axb5 26. Ra7 Nf5 (26... Kf8 $16 {keeps fighting.}) 27. Ra6 (27. Rc7 $18 {has better winning chances.}) 27... Ne7 $16 28. Rca1 Kf8 29. Ra7 g6 30. h4 h6 31. Bh3 f5 (31... Rd6 $16 {was necessary.} 32. Rc7 Ba4) 32. h5 $18 g5 {[#]} 33. g4 $1 fxg4 34. Bxg4 Bc2 35. R1a6 Bd3 36. f3 Bc4 (36... Rd6 $142 37. Nd1 Bf5) 37. Kf2 Rd6 38. Rc7 Rf6 39. Raa7 Re8 40. Ne2 Bd3 (40... Bb3 $142 41. Bd7 Rd8) 41. Ng3 Bc4 $2 (41... Rd6 42. Nf1 Bxf1) 42. e4 Rf4 (42... Bd3 $142 43. e5 Rf7) 43. Nf5 Nxf5 44. exf5 Rxd4 45. Rf7+ {White mates.} ({Less strong is} 45. Rxc6 Rd1 $14) 45... Kg8 46. Rg7+ Kh8 47. Rh7+ {[%mdl 64] Double Attack} Kg8 48. Rag7+ Kf8 49. f6 {Accuracy: White = 91%, Black = 37%.} 1-0

[Event "Konyaalti Open-A 2019"]
[Site "Konyaalti"]
[Date "2019.11.18"]
[Round "3.5"]
[White "Mirzoev, Azer"]
[Black "Kamer, Kayra"]
[Result "1/2-1/2"]
[WhiteElo "2472"]
[BlackElo "2329"]
[Annotator "TA"]
[PlyCount "86"]
[EventDate "2019.11.20"]
[EventType "swiss"]
[EventCountry "TUR"]
[SourceTitle "playchess.com"]
[Source "ChessBase"]
[SourceQuality "1"]

{[%evp 12,86,10,4,4,20,29,25,31,17,19,16,34,13,50,0,7,0,31,21,25,0,58,39,79,52,381,358,373,381,381,293,410,355,348,339,503,513,508,529,657,643,623,389,386,396,397,394,408,408,406,377,363,139,133,135,151,145,328,0,0,0,0,0,0,0,0,0,0,0,0,0,0,0,0,0,0]} 1. d4 Nf6 2. Nf3 g6 3. Nbd2 Bg7 4. e4 d6 5. c3 O-O 6. Be2 c5 7. O-O cxd4 {B07: Pirc Defence: Miscellaneous Systems} 8. cxd4 Bg4 9. h3 Bxf3 {White has an edge.} 10. Bxf3 Nc6 11. Nb3 a5 $146 {White should prevent ...a4.} ({Predecessor:} 11... Rc8 12. Be3 e6 {½-½ (27) Fargere,F (2367)-Wirig,A (2477) Mulhouse 2008}) 12. a4 Nb4 13. Re1 Rc8 {Black wants to play ...Nc2.} 14. Re2 Rc4 15. Bd2 Qb6 16. Bc3 Nd7 ({Black should try} 16... Rfc8 $11) 17. e5 $14 dxe5 18. dxe5 Rd8 $2 {[%mdl 8192]} (18... Nb8 $14) 19. Rd2 $18 Qc7 {[#] With the idea ...Bh6.} 20. e6 $1 {[%mdl 512]} fxe6 21. Bg4 Re4 22. Qf3 Bxc3 23. bxc3 (23. Qxe4 Bxd2 24. Qxe6+ Kh8 $11) 23... Qe5 (23... Rxg4 {was necessary.} 24. Qxg4 {[%mdl 64] Double Attack} Nc6 25. Qxe6+ Kg7) 24. cxb4 h5 25. Qd1 hxg4 {[#]} 26. Nc5 $1 {[%mdl 512]} gxh3 (26... Nxc5 27. Rxd8+) 27. Nxd7 Qg5 {[%csl Gh3][%cal Rg5g2] [#]} 28. g3 $1 h2+ 29. Kh1 Kg7 30. bxa5 Qf5 31. Qb3 e5 32. Rad1 $2 (32. Kxh2 $2 Rh8+ 33. Kg1 Qh5 $19) (32. Qd3 $18 {is more deadly.}) 32... Rd4 $16 33. Rxd4 exd4 34. Nb6 (34. Qxb7 Rxd7 35. Qg2 Qxa5 $17) 34... d3 $2 (34... Qxf2 $16 {was worth a try.} 35. Qd3 Qf5) 35. Qb2+ $2 (35. Qc3+ $18 Qf6 36. Qxf6+ (36. Rxd3 Rxd3 37. Qxd3 Qxf2 $18) 36... Kxf6 37. Nc4) 35... e5 $11 {( -> ...Qf3+). The position is equal.} 36. f4 Qe4+ 37. Qg2 Qe2 38. Rf1 {aiming for fxe5.} ({Don't go for} 38. Qxb7+ $2 Kh6 $19) 38... e4 39. Nc4 ({Don't blunder} 39. Qxe2 $2 dxe2 40. Re1 {[#]} Rd1 $1 $19 {[%mdl 512]}) 39... Rc8 {White must now prevent ...Qxg2+.} 40. Rf2 Qe1+ 41. Rf1 Qe2 {And now ...Qxg2+ would win.} 42. Rf2 Qe1+ 43. Rf1 Qe2 {Accuracy: White = 61%, Black = 59%.} 1/2-1/2

[Event "Konyaalti Open-A 2019"]
[Site "Konyaalti"]
[Date "2019.11.18"]
[Round "3.6"]
[White "Solozhenkina, Elizaveta"]
[Black "Nigalidze, Gaioz"]
[Result "0-1"]
[WhiteElo "2314"]
[BlackElo "2472"]
[Annotator "TA"]
[PlyCount "80"]
[EventDate "2019.11.20"]
[EventType "swiss"]
[EventCountry "TUR"]
[SourceTitle "playchess.com"]
[Source "ChessBase"]
[SourceQuality "1"]

{[%evp 22,85,0,10,18,1,28,14,30,18,18,21,54,50,83,83,82,83,85,76,75,90,103,69,82,79,67,54,34,0,0,0,0,0,0,0,0,0,0,0,0,0,0,0,0,-16,297,-484,-482,-568,-560,-601,-602,-584,-514,-506,-502,-495,-456,-524,-517,-655,-654,-582,-472,-2128]} 1. e4 c5 2. Nf3 Nc6 3. d4 cxd4 4. Nxd4 Nf6 5. Nc3 e5 6. Ndb5 d6 7. Nd5 Nxd5 8. exd5 Nb8 9. a4 Be7 10. Be2 O-O 11. O-O a6 12. Na3 Nd7 {B33: Sicilian: Pelikan and Sveshnikov Variations} 13. Nc4 a5 {[#]} 14. c3 $146 ({Predecessor:} 14. Kh1 Nb6 15. Nxb6 Qxb6 16. Bb5 f5 17. f4 Bf6 18. Ra3 exf4 19. Bxf4 Qc7 20. Rb3 {0-1 (53) Sadzikowski,D (2558)-Michalik,P (2555) Czech Republic 2019}) 14... b6 {The position is equal.} 15. f4 Ba6 16. Ne3 exf4 {Threatens to win with ...Bxe2.} 17. Nf5 $1 $36 {[%mdl 2048] Bxa6 is the strong threat. White fights for an advantage.} Ne5 18. Bxa6 Rxa6 19. Bxf4 Bf6 20. Qe2 Ra8 21. Rae1 Re8 22. Qf2 Qc7 23. Qg3 Kh8 24. Kh1 Qd7 25. Bg5 Bxg5 26. Qxg5 {[%csl Gf5][%cal Rg5g7]} f6 27. Qg3 Rab8 28. b3 b5 $1 29. axb5 Rxb5 30. c4 Rb4 $1 31. Ra1 Reb8 32. Rxa5 Nxc4 $1 33. Raa1 Nd2 $2 {[%mdl 8192] [#]} (33... Ne5 $1 $11 {and Black has nothing to worry.}) 34. Rfd1 $4 {[%mdl 8192]} (34. Qc3 $1 $18 {[%cal Rc3b4] is the narrow road to win. And now Qxb4! would win.} Nxf1 {[#]} 35. Qxb4 $1 {[%mdl 576] Double Attack}) 34... Nxb3 $19 {Black is clearly winning.} ({Inferior is} 34... Qxf5 35. Qxd6 Rxb3 36. Rxd2 $11) 35. Ra3 Qxf5 36. Qxd6 h6 37. h3 R4b6 38. Qe7 R6b7 39. Qe3 Qe5 40. Qf2 Rd7 {Played: Qe5-d6} 0-1

[Event "Konyaalti Open-A 2019"]
[Site "Konyaalti"]
[Date "2019.11.18"]
[Round "3.7"]
[White "Gadimbayli, Abdulla"]
[Black "Garayev, Kanan"]
[Result "1/2-1/2"]
[WhiteElo "2447"]
[BlackElo "2338"]
[Annotator "TA"]
[PlyCount "95"]
[EventDate "2019.11.20"]
[EventType "swiss"]
[EventCountry "TUR"]
[SourceTitle "playchess.com"]
[Source "ChessBase"]
[SourceQuality "1"]

{[%evp 14,95,26,26,26,22,22,22,23,23,23,23,23,23,23,23,31,34,33,33,33,25,27,17,45,50,48,47,47,44,50,47,47,47,51,46,46,47,47,40,51,40,54,46,55,47,53,53,53,53,70,70,70,70,70,70,76,57,57,45,50,41,41,47,52,27,20,21,52,52,57,8,8,0,0,0,8,0,0,0,0,0,0,0]} 1. e4 e5 2. Nf3 Nf6 3. d4 Nxe4 4. Bd3 d5 5. Nxe5 Nd7 6. Nxd7 Bxd7 7. O-O Bd6 8. Qh5 Qf6 {C43: Petroff Defence: 3 d4} 9. Nc3 Qxd4 10. Be3 Qe5 11. Qxe5+ Bxe5 12. Nxd5 Nf6 13. Rae1 Nxd5 14. Bd4 O-O 15. Bxe5 Nb4 16. Bc4 {[#]} Nxc2 $146 17. Rc1 Nb4 18. Bxc7 {[#] And now Bd6 would win.} Rfe8 19. a3 Nc6 20. Rfd1 Re7 21. Bd6 Ree8 22. Bd5 Rac8 23. Bc5 Be6 24. Bxc6 Rxc6 25. Bxa7 Bb3 26. Re1 Rxe1+ 27. Rxe1 $14 {[%cal Re1e8][%mdl 4096] [#] Endgame KRB-KRB} h6 28. h3 Rc2 29. Re8+ Kh7 30. Re7 b5 31. Bd4 Rd2 32. Bc3 Rd1+ 33. Kh2 Be6 34. Rb7 Rd5 35. f4 h5 36. Kg3 Rf5 37. Be5 Bc4 38. Rc7 Be6 39. Kf2 {Hoping for g4.} h4 $1 40. Ke3 g5 41. Ke4 Kg6 42. Rc5 gxf4 {The position is equal.} 43. Bd4 Kg5 44. Be5 Kg6 45. Bd4 Kg5 46. Re5 Bd7 47. Rxf5+ Bxf5+ 48. Kf3 $1 {Accuracy: White = 66%, Black = 73%.} 1/2-1/2

[Event "Konyaalti Open-A 2019"]
[Site "Konyaalti"]
[Date "2019.11.18"]
[Round "3.8"]
[White "Noroozi, Omid"]
[Black "Ozen, Deniz"]
[Result "1/2-1/2"]
[WhiteElo "2345"]
[BlackElo "2422"]
[Annotator "TA"]
[PlyCount "36"]
[EventDate "2019.11.20"]
[EventType "swiss"]
[EventCountry "TUR"]
[SourceTitle "playchess.com"]
[Source "ChessBase"]
[SourceQuality "1"]

{[%evp 10,36,12,0,0,-4,0,-5,6,0,3,-11,-17,-24,-38,-31,-29,-28,-17,-42,0,-7,-7,0,0,-5,0,-20,0]} 1. c4 c6 2. d4 d5 3. Nf3 Nf6 4. Qb3 dxc4 5. Qxc4 Bg4 6. Nbd2 Nbd7 {D23: Queen's Gambit Accepted: 3 Nf3 Nf6 sidelines} 7. e3 (7. g3 e6 8. Bg2 Be7 9. O-O O-O 10. b3 Rc8 11. Bb2 b5 12. Qc2 c5 13. Rfc1 Nd5 14. Qd1 {1-0 (40) Predke,A (2650)-Inarkiev,E (2682) Izhevsk 2019}) 7... e6 8. Be2 Be7 9. O-O O-O 10. Qb3 $146 ({Predecessor:} 10. a3 Nb6 11. Qc2 Rc8 12. b4 Bf5 {0-1 (31) Miquel,J (1116)-Kharchuk,Y (1280) LSS email 2014}) 10... Qc7 11. Nc4 b5 12. Ncd2 a6 13. h3 Bh5 14. a4 Nb6 15. axb5 {The position is equal.} cxb5 16. g4 Bg6 17. Ne5 $1 Bc2 18. Qc3 Rfc8 {Accuracy: White = 59%, Black = 78%.} 1/2-1/2

[Event "Konyaalti Open-A 2019"]
[Site "Konyaalti"]
[Date "2019.11.18"]
[Round "3.9"]
[White "Erbis, Baris"]
[Black "Yurtseven, Melih"]
[Result "0-1"]
[WhiteElo "1913"]
[BlackElo "2388"]
[Annotator "TA"]
[PlyCount "52"]
[EventDate "2019.11.20"]
[EventType "swiss"]
[EventCountry "TUR"]
[SourceTitle "playchess.com"]
[Source "ChessBase"]
[SourceQuality "1"]

{[%evp 9,52,0,8,0,4,4,6,-8,-6,-24,-2,-39,-2,-6,0,-10,0,0,0,0,0,0,0,-95,-95,-93,-93,-508,-510,-511,-512,-494,-501,-548,-528,-540,-538,-566,-576,-571,-550,-634,-633,-822,-812]} 1. e4 e6 2. Nf3 d5 3. e5 Bd7 4. d4 (4. c3 c5 5. Be2 Ne7 6. d4 Nf5 7. Bd3 c4 8. Bc2 Nc6 9. g4 Nh4 10. Nbd2 b5 11. h3 Nxf3+ 12. Nxf3 b4 {½-½ (27) Zvjaginsev,V (2659)-Volkov,S (2615) Taganrog 2011}) 4... c5 5. dxc5 Bxc5 6. Bd3 {C00: French: Unusual White 2nd moves} Ne7 7. O-O Ng6 8. a3 {The position is equal.} Nc6 9. b4 {[#] Strongly threatening Bxg6.} Bb6 10. Re1 $146 ({Predecessor:} 10. Bb2 Bc7 {1-0 (31) Harutjunyan,G (2436)-Krupko,A (2274) Minsk 2015}) 10... Bc7 {[%cal Rc6e5]} 11. Bb2 Qb8 $36 {[%cal Rc6e5][%mdl 2048] Black fights for an advantage.} 12. Nc3 a6 ({But not} 12... Bxe5 $6 13. b5 $16) 13. Ng5 Bxe5 14. Qh5 $1 Nce7 15. Bxg6 $1 Nxg6 16. Nf3 {[#]} (16. f4 $11 h6 17. Nxe6 Bxe6 18. fxe5) 16... Bf6 $1 $17 17. Qxd5 Bc6 18. Rxe6+ $2 {[%mdl 8192]} (18. Qc5 $17 {is tougher.}) 18... fxe6 $19 {Black is clearly winning.} 19. Qxe6+ Kf8 20. Re1 Qc7 21. Qc4 Qf7 22. Qc5+ Be7 23. Qe3 Bxf3 24. gxf3 h6 25. Qe4 Bf6 26. Qf5 Nh4 {Accuracy: White = 46%, Black = 70%.} 0-1